004550000a2200133000450024501080000065000260010865000210013465000360015504100130019170000260020470000220023010000190025277300500027110aEcological monitoring: a vital need for integrated conservation and development programs in the tropics14aDesarrollo sostenible14aAreas protegidas14aConservación de biodiversidad0 aInglés1 aMerenlender, Adina M.1 aMurphy, Dennis D.1 aKremen, Claire1 tConservation Biology324h2q388-397d1994g8